Kruôz cer - Răn đường : Bài ca tiễn đưa người khuất núi của người Hmông

Giới thiệu 31 bài ca tiễn đưa người quá cố về với tổ tiên của người Hmông huyện Sa Pa, tỉnh Lào Cai; hệ thống dịch vụ đám tang và liên quan; bài ca răn đường, và hồn cất Hmông độc đáo

Na minha lista:
Detalhes bibliográficos
Formato: Livro
Idioma:Undetermined
Publicado em: Hà Nội Hội nhà văn 2018
Assuntos:
Tags: Adicionar Tag
Sem tags, seja o primeiro a adicionar uma tag!
Thư viện lưu trữ: Trung tâm Học liệu Trường Đại học Cần Thơ
LEADER 00937nam a2200193Ia 4500
001 CTU_232859
008 210402s9999 xx 000 0 und d
082 |a 393.09597 
082 |b K94 
245 0 |a Kruôz cer - Răn đường : 
245 0 |b Bài ca tiễn đưa người khuất núi của người Hmông 
245 0 |c Mã A Lềnh (Sưu tầm, biên soạn, biên dịch) 
260 |a Hà Nội 
260 |b Hội nhà văn 
260 |c 2018 
520 |a Giới thiệu 31 bài ca tiễn đưa người quá cố về với tổ tiên của người Hmông huyện Sa Pa, tỉnh Lào Cai; hệ thống dịch vụ đám tang và liên quan; bài ca răn đường, và hồn cất Hmông độc đáo 
650 |a Phong tục tập quán,Manners and customs 
910 |b nthai 
980 |a Trung tâm Học liệu Trường Đại học Cần Thơ